000 00447nam a2200145Ia 4500
008 100122s9999 xx 000 0 und d
082 _b59372
_a822
100 _aचिखले सुरेश
245 _aखंडोबाचं लगीन
260 _bसमाधी प्रकाशन
_c2000
300 _a64
630 _aखंडोबाचं लगीन
730 _aखंडोबाचं लगीन
942 _cBOOK
999 _c434969
_d434966